header

Outside in (Record no. 79671)

MARC details
000 -LEADER
fixed length control field 02183nam a22003494a 4500
082 04 - DEWEY DECIMAL CLASSIFICATION NUMBER
Classification number 305.560956
245 00 - TITLE STATEMENT
Title Outside in
260 ## - PUBLICATION, DISTRIBUTION, ETC. (IMPRINT)
Place of publication London ;
-- New York :
Name of publisher I.B. Tauris,
Year of publication 2002.
300 ## - PHYSICAL DESCRIPTION
Number of Pages vii, 263 p. :
Other physical details map.
490 1# - SERIES STATEMENT
Series statement The Islamic Mediterranean ;
650 #0 - SUBJECT ADDED ENTRY--TOPICAL TERM
Topical Term Marginality, Social
700 1# - ADDED ENTRY--PERSONAL NAME
Personal name Rogan, Eugene L.
856 40 - ELECTRONIC LOCATION AND ACCESS
Uniform Resource Identifier http://site.ebrary.com/lib/rucke/Doc?id=10133086

No items available.

© 2026 Rongo University
Contact us: librarian | system librarian | Rongo university